| 000 | 00718nam a2200229Ia 4500 | ||
|---|---|---|---|
| 001 | 10074 | ||
| 003 | GE_BSU | ||
| 008 | 181216s||||||||xx |||||||||||||| ||und|| | ||
| 040 | _cGE_BSU | ||
| 080 | _a821.353.1–2 | ||
| 245 | _aსამსახეობა რაინდისა | ||
| 245 | _bპიესა | ||
| 245 | _cრედ.რ.გვეტაძე | ||
| 260 | _aთბილისი | ||
| 260 | _bსაბჭოთა მწერალი | ||
| 260 | _c1947 | ||
| 300 | _a110გვ.22სმ. | ||
| 300 | _eბიბლ.:ლიტერატურა წანართში | ||
| 653 | _aპიესა | ||
| 653 | _aსამსახეობა რაინდისა | ||
| 942 | _cBK | ||
| 999 |
_c43346 _d43346 |
||